[Event "Ch Poland (juniors) (under 20)"]
[Site "masterchessopen.com – Trzbinia (Poland)"]
[Round "0"]
[White "Jakubowski Marcin (POL)"]
[Black "Mickiewicz Piotr (POL)"]
[Result "1-0"]
[WhiteElo "2262"]
[BlackElo "2219"]

1.d4 Nf6 2.c4 g6 3.Nc3 Bg7 4.e4 d6 5.f3 c6 6.Bg5 O-O 7.Qd2 e5 8.d5 cxd5 9.cxd5
a5 10.Nge2 Na6 11.O-O-O Bd7 12.Kb1 b5 13.Nc1 Qb6 14.g4 b4 15.N3e2 Rfc8 16.Ng3
Nc5 17.h4 Na4 18.Ka1 Nc3 19.Be3 Qb7 20.Re1 a4 21.Bd3 a3 22.b3 Nfxd5 23.Bh6
Bxh6 24.Qxh6 Nf4 25.h5 Be6 26.Nf5 Bxf5 27.gxf5 Nd1 28.Rxd1 Rxc1+ 29.Rxc1 Qa7
30.Rc2 Qd4+ 31.Kb1 Qxd3 32.hxg6 fxg6 33.Qxh7+ Kf8 34.Qh8+ {#r} 1-0

[Event "Ch Poland (youth) (under 26)"]
[Site "masterchessopen.com – Warsaw (Poland)"]
[Round "0"]
[White "Olenderek Tomasz (POL)"]
[Black "Kaczorowska Barbara (POL)"]
[Result "1-0"]
[WhiteElo "2221"]
[BlackElo "2210"]

1.d4 Nf6 2.c4 g6 3.Nc3 Bg7 4.e4 d6 5.f3 c6 6.Be3 Nbd7 7.Nh3 a6 8.Nf2 b5 9.a3
O-O 10.Be2 bxc4 11.Bxc4 d5 12.Ba2 dxe4 13.fxe4 e5 14.O-O exd4 15.Bxd4 Qe7
16.b4 c5 17.bxc5 Nxc5 18.e5 Nfd7 19.Nd5 Qg5 20.Nh3 Qd8 21.Nf6+ Bxf6 22.exf6
Ne6 23.Bxe6 fxe6 24.f7+ {#r} 1-0

[Event "It (open)"]
[Site "masterchessopen.com – Zagreb (Croatia)"]
[Round "7"]
[White "Kljako Damir (CRO)"]
[Black "Covic Zdenko (CRO)"]
[Result "1-0"]
[WhiteElo "2253"]
[BlackElo "2096"]

1.d4 Nf6 2.c4 g6 3.Nc3 Bg7 4.e4 d6 5.f3 c6 6.Be3 e5 7.Nge2 Nbd7 8.Qd2 h5 9.Rd1
Qc7 10.d5 c5 11.Nc1 a6 12.h3 b6 13.Bd3 Ng8 14.O-O f6 15.f4 exf4 16.Bxf4 Ne5
17.Be2 Qe7 18.b3 Bd7 19.Nd3 Bh6 20.Qe1 Bxf4 21.Nxf4 O-O-O 22.Rb1 a5 23.a3 g5
24.Ne6 Bxe6 25.dxe6 Nc6 26.Nd5 Qxe6 27.b4 cxb4 28.axb4 Nxb4 29.Qf2 Kd7 30.Qxb6
Qe5 31.Qc7+ Ke8 32.Qg7 Nxd5 {#r} 1-0

[Event "It (open) \"]
[Site "masterchessopen.com – Duisburg (Germany)"]
[Round "7"]
[White "Friese Henning (GER)"]
[Black "Laschat Stefan"]
[Result "0-1"]
[WhiteElo "2062"]
[BlackElo "1762"]

1.d4 Nf6 2.c4 g6 3.Nc3 d6 4.e4 Bg7 5.f3 c6 6.Be3 a6 7.Bd3 Nbd7 8.Nge2 e6 9.Qd2
Qe7 10.O-O b5 11.Bg5 h6 12.Bh4 O-O 13.f4 Nxe4 14.Bxe7 Nxd2 15.Bxf8 Kxf8
16.Rfd1 Nxc4 17.Bxc4 bxc4 18.Rab1 Nb6 19.Rd2 Ke8 20.Kf2 Kd7 21.Ke1 Kc7 22.Kd1
Nd5 23.Nxd5+ cxd5 24.Nc3 Bf6 25.Kc2 Bd8 26.Rf1 Bd7 27.Re1 Kc6 28.a3 Bc7 29.g3
f6 30.Kb1 Rd8 31.Kc2 e5 32.Red1 Be6 33.Kc1 exd4 {#R} 0-1

[Event "It (open)"]
[Site "masterchessopen.com – Alicante (Spain)"]
[Round "4"]
[White "Amoros Moran Jose Joaquin (ESP)"]
[Black "Madina Martin (ARG)"]
[Result "0-1"]
[WhiteElo "1984"]
[BlackElo "2267"]

1.e4 g6 2.d4 Bg7 3.c4 d6 4.Nc3 Nf6 5.f3 c6 6.Be3 a6 7.a4 a5 8.Rc1 O-O 9.Bd3 e5
10.d5 Na6 11.Nge2 Nd7 12.Ng3 Ndc5 13.Bb1 f5 14.exf5 gxf5 15.O-O Qe7 16.f4 e4
17.Nh1 Nb4 18.Nf2 cxd5 19.cxd5 b6 20.b3 Bb7 21.Re1 Qf7 22.Re2 Nxd5 23.Nxd5
Bxd5 24.Rd2 Bxb3 25.Bc2 Bxc2 26.Qxc2 Nb3 {#R} 0-1

[Event "It (open) \"]
[Site "masterchessopen.com – Copenhagen (Denmark)"]
[Round "4"]
[White "Psakhis Lev (ISR)"]
[Black "Kokholm Daniel (DEN)"]
[Result "1-0"]
[WhiteElo "2611"]
[BlackElo "1915"]

1.c4 g6 2.e4 Bg7 3.d4 d6 4.Nc3 Nf6 5.f3 c6 6.Bg5 h6 7.Be3 O-O 8.Qd2 Kh7 9.Bd3
e5 10.d5 a5 11.Nge2 Na6 12.O-O Bd7 13.dxc6 bxc6 14.Rad1 Qc7 15.Bb1 Be6 16.Qxd6
Bxc4 17.b3 Be6 18.Qxc7 Nxc7 19.Na4 Nb5 20.Nc5 Bc8 21.a4 Nc7 22.Rd6 Ba6 23.Kf2
Rfd8 24.Rfd1 Rxd6 25.Rxd6 Nfe8 26.Rxc6 Bxe2 27.Kxe2 Bf8 28.Bd3 Kg7 29.Bc4 Bd6
30.Nd3 h5 31.Bb6 Kf8 32.Rxd6 Nxd6 33.Bxc7 Nxc4 34.bxc4 {#r} 1-0

[Event "Tournament"]
[Site "masterchessopen.com – Guanabara (Brazil)"]
[Round "6"]
[White "Guedes Sebastiao (BRA)"]
[Black "Sant'Ana Ricardo (BRA)"]
[Result "0-1"]
[WhiteElo "2017"]
[BlackElo "2195"]

1.d4 Nf6 2.c4 g6 3.Nc3 Bg7 4.e4 d6 5.f3 c6 6.Bg5 Nbd7 7.Qd2 h6 8.Be3 a6 9.g4
b5 10.d5 cxd5 11.cxd5 Ne5 12.Rc1 Bb7 13.a4 b4 14.Nce2 e6 15.Qxb4 Nd3+ {#R} 0-1

[Event "It (open)"]
[Site "masterchessopen.com – Pamplona (Spain)"]
[Round "5"]
[White "Estremera Panos Sergio (ESP)"]
[Black "Vilchez Gonzalez Angel (ESP)"]
[Result "1-0"]
[WhiteElo "2364"]
[BlackElo "1965"]

1.d4 Nf6 2.c4 g6 3.Nc3 Bg7 4.e4 d6 5.f3 c6 6.Be3 Nbd7 7.Qd2 e5 8.Nge2 a6 9.d5
c5 10.g4 Nb6 11.Ng3 Bd7 12.Bd3 Rb8 13.h4 h5 14.g5 Ng8 15.f4 Ne7 16.f5 f6
17.O-O Na4 18.Nxa4 Bxa4 19.Be2 Kf8 20.fxg6 Nxg6 21.gxf6 Bxf6 22.Bg5 Nf4
23.Rxf4 exf4 24.Qxf4 Kg7 25.Nxh5+ Rxh5 26.Bxh5 Bd4+ 27.Kh1 Qd7 28.Bg4 Qf7
29.Bh6+ {#r} 1-0

[Event "Ch Romania (1/2 final)"]
[Site "masterchessopen.com – Tusnad (Romania)"]
[Round "5"]
[White "Tamba Dumitru (ROM)"]
[Black "Toma Alin (ROM)"]
[Result "0-1"]
[WhiteElo "1786"]
[BlackElo "2200"]

1.d4 Nf6 2.c4 g6 3.Nc3 Bg7 4.e4 d6 5.f3 c6 6.Bg5 a6 7.g4 Qa5 8.Be3 h5 9.g5
Nfd7 10.h4 b5 11.a3 b4 12.axb4 Qxb4 13.Qc2 c5 14.Ra4 Qb7 15.dxc5 Nxc5 16.Ra3
Nc6 17.Bxc5 dxc5 18.Qa4 Rb8 19.Nge2 O-O 20.Bh3 Nd4 21.Bxc8 Rfxc8 22.O-O Qc7
23.Qd1 Rxb2 24.Rxa6 Nxe2+ 25.Nxe2 Rd8 26.Qe1 Rdd2 {#R} 0-1

[Event "It (b)"]
[Site "masterchessopen.com – Zeleny Shum (Russia)"]
[Round "6"]
[White "Paronjan Aleksandar (UZB)"]
[Black "Hasanova Elmira (RUS)"]
[Result "1-0"]
[WhiteElo "2423"]
[BlackElo "2239"]

1.d4 Nf6 2.c4 g6 3.Nc3 Bg7 4.e4 d6 5.f3 c6 6.Bg5 h6 7.Be3 a6 8.Qd2 Be6 9.d5
Bd7 10.Nge2 b5 11.dxc6 Bxc6 12.Nd4 b4 13.Nd5 a5 14.Nxc6 Nxc6 15.Bb6 Qb8
16.Nc7+ Kf8 17.Nxa8 Qxa8 18.Be3 Kg8 19.Be2 Kh7 20.O-O Rc8 21.Rac1 Nd7 22.f4
Nc5 23.Bf3 Ne6 24.e5 Rd8 25.Qd5 Rc8 26.f5 gxf5 27.exd6 {#r} 1-0

[Event "Memorial Bader (open)"]
[Site "masterchessopen.com – Heves (Hungary)"]
[Date "2000.10.23"]
[Round "8"]
[White "Kovacs Tamas (HUN)"]
[Black "Csizmadia Lajos (HUN)"]
[Result "1-0"]
[WhiteElo "2210"]
[BlackElo "2021"]

1.d4 Nf6 2.c4 g6 3.Nc3 Bg7 4.e4 d6 5.f3 c6 6.Bg5 a6 7.a4 a5 8.Qd2 Na6 9.Nge2
Nb4 10.Rd1 O-O 11.Nc1 Qc7 12.Nd3 e5 13.d5 c5 14.Nb5 Qb8 15.g4 Bd7 16.h4 Nxd3+
17.Bxd3 Bxb5 18.cxb5 h5 19.Bxf6 Bxf6 20.gxh5 gxh5 21.Qh6 {#r} 1-0

[Event "It (open) \"]
[Site "masterchessopen.com – Belgium"]
[Round "0"]
[White "Bosschem Eddy (BEL)"]
[Black "Hajenius Willem (BEL)"]
[Result "0-1"]
[WhiteElo "1942"]
[BlackElo "2042"]

1.d4 Nf6 2.c4 g6 3.Nc3 Bg7 4.e4 d6 5.f3 c6 6.Be3 a6 7.a4 a5 8.Qd2 Na6 9.Rd1
Nb4 10.Nge2 Qc7 11.Ng3 Bd7 12.Be2 h5 13.h4 O-O 14.Nf1 Rfe8 15.Nh2 e6 16.g4 c5
17.g5 cxd4 18.gxf6 Bxf6 19.Bg5 dxc3 20.bxc3 Bxg5 21.hxg5 Na6 22.Ng4 Kg7 23.Qf4
Qd8 24.Nf6 e5 25.Qh2 Re6 26.f4 Bxa4 27.Ra1 Nc5 28.f5 Rxf6 29.gxf6+ Qxf6
30.fxg6 fxg6 31.Rf1 Qe6 32.Qf2 Bc6 33.Bxh5 Nd3+ {#R} 0-1

[Event "It (open)"]
[Site "masterchessopen.com – Bydgoszcz (Poland)"]
[Round "3"]
[White "Lutsko Igor (BLR)"]
[Black "Sciborowski Miroslaw (POL)"]
[Result "1-0"]
[WhiteElo "2370"]
[BlackElo "2216"]

1.d4 Nf6 2.c4 g6 3.Nc3 Bg7 4.e4 d6 5.f3 c6 6.Be3 a6 7.Bd3 b5 8.Nge2 Nbd7 9.O-O
e5 10.cxb5 cxb5 11.d5 O-O 12.b4 Nb6 13.a4 Nc4 14.Bxc4 bxc4 15.Qd2 Nd7 16.Rac1
f5 17.Nd1 fxe4 18.fxe4 Qh4 19.Rxc4 Nf6 20.Nf2 Bd7 21.Ng3 Ng4 22.Nxg4 Qxg4
23.Nh1 Rac8 24.Rxc8 Rxc8 25.Nf2 Qh4 26.Bg5 Qh5 27.h3 Rf8 28.g4 Rxf2 29.gxh5
Rxd2 30.Bxd2 Bf6 31.b5 Bd8 32.Be3 Bc8 33.Rc1 Bb7 34.Rc6 {#r} 1-0

[Event "It (open)"]
[Site "masterchessopen.com – Chrudim (Czech Republic)"]
[Round "0"]
[White "Hlavacek Robert (CZE)"]
[Black "Grigorova Evgenia (RUS)"]
[Result "1-0"]
[WhiteElo "2194"]
[BlackElo "2113"]

1.d4 Nf6 2.c4 g6 3.Nc3 Bg7 4.e4 d6 5.f3 c6 6.Bg5 O-O 7.Qd2 e5 8.d5 cxd5 9.cxd5
a6 10.a4 Nbd7 11.Nge2 a5 12.Nc1 Nc5 13.Be2 Bd7 14.O-O Qe8 15.Nb5 Bxb5 16.Bxb5
Qc8 17.b4 axb4 18.Qxb4 h6 19.Be3 Nfd7 20.Nd3 Nxd3 21.Bxd3 Nc5 22.Bxc5 Qxc5+
23.Qxc5 dxc5 24.Rfb1 Rfb8 25.Rb6 Bf8 26.d6 Rd8 27.Rxb7 Bxd6 28.Bc4 Rf8 29.a5
Rab8 30.Rab1 Kh8 31.a6 f5 32.a7 Ra8 33.Rd7 Bb8 34.Rbb7 {#r} 1-0

[Event "Ch Russia (students)"]
[Site "masterchessopen.com – Novokuznetsk (Russia)"]
[Round "2"]
[White "Endaltsev Dmitry (RUS)"]
[Black "Nikolaev Maxim (RUS)"]
[Result "1-0"]
[WhiteElo "2063"]
[BlackElo "2132"]

1.d4 Nf6 2.c4 g6 3.Nc3 Bg7 4.e4 d6 5.f3 c6 6.Be3 a6 7.a4 a5 8.Qd2 Na6 9.Nge2
Nb4 10.Na2 Na6 11.Nec3 Bd7 12.Rd1 Qc7 13.Be2 O-O 14.O-O h5 15.Bh6 Rfd8 16.Bxg7
Kxg7 17.f4 Nb4 18.Nc1 d5 19.cxd5 cxd5 20.e5 Ne4 21.Nxe4 dxe4 22.f5 Qb6 23.Qg5
Bxf5 24.Rxf5 Rxd4 25.Rxd4 Qxd4+ 26.Kh1 f6 27.Qg3 Rc8 28.exf6+ exf6 29.Rf1 Qxb2
30.Bxh5 g5 31.Qe3 Rc6 32.h4 {#r} 1-0

[Event "Ch Slovakia (team) 2000/01 (2 liga) (b)"]
[Site "masterchessopen.com – Slovakia"]
[Round "6"]
[White "Bobak Martin"]
[Black "Krajcovic Alojz (SVK)"]
[Result "0-1"]
[WhiteElo "1570"]
[BlackElo "1998"]

1.d4 Nf6 2.c4 g6 3.Nc3 Bg7 4.e4 d6 5.f3 c6 6.Be3 Nbd7 7.Qd2 O-O 8.h4 e5 9.d5
cxd5 10.cxd5 Nh5 11.Nge2 f5 12.Nb5 Ndf6 13.Qb4 fxe4 14.fxe4 Ng4 15.Bxa7 Bh6
16.g3 Qf6 17.Qc4 Rxa7 18.Nxa7 Qf2+ {#R} 0-1

[Event "Ch Germany (juniors) (under 10)"]
[Site "masterchessopen.com – Willingen (Germany)"]
[Round "8"]
[White "Winkelmann Elena (GER)"]
[Black "Seyb Alexander (GER)"]
[Result "1-0"]
[WhiteElo "2104"]
[BlackElo "2314"]

1.d4 Nf6 2.c4 g6 3.Nc3 Bg7 4.e4 d6 5.f3 c6 6.Be3 a6 7.Qd2 b5 8.g4 Bb7 9.h4
Nbd7 10.Nge2 bxc4 11.Ng3 d5 12.e5 Ng8 13.Be2 h6 14.O-O-O e6 15.f4 Ne7 16.h5
Qa5 17.hxg6 fxg6 18.f5 gxf5 19.gxf5 exf5 20.Bxh6 Bxh6 21.Rxh6 Rxh6 22.Qxh6
O-O-O 23.Qe6 f4 24.Nh5 Ng8 25.Rg1 c5 26.dxc5 Nh6 27.c6 Qc5 28.cxb7+ Kxb7
29.Rg6 Qe3+ 30.Kc2 Nc5 31.Qb6+ {#r} 1-0

[Event "It \"]
[Site "masterchessopen.com – Mehlingen (Germany)"]
[Date "2001.06.15"]
[Round "4"]
[White "Risch Michel (LUX)"]
[Black "Voropaev Gleb (GER)"]
[Result "0-1"]
[WhiteElo "2054"]
[BlackElo "2327"]

1.d4 Nf6 2.c4 g6 3.Nc3 Bg7 4.e4 d6 5.f3 c6 6.Bg5 a6 7.a4 a5 8.Qd2 Nbd7 9.Nge2
e5 10.d5 Nc5 11.Nc1 h6 12.Be3 Nh5 13.g4 Nf4 14.Bxf4 exf4 15.Qxf4 Be5 16.Qe3
Qh4+ 17.Qf2 Qf6 18.N1a2 h5 19.Be2 Bd7 20.h4 O-O-O 21.g5 Qf4 22.Kd1 Nb3 23.Kc2
Bd4 {#R} 0-1

[Event "Tournament"]
[Site "masterchessopen.com – Germany"]
[Date "2001.08.07"]
[Round "0"]
[White "Stolarczyk Anna (POL)"]
[Black "Altinok Kerim (TUR)"]
[Result "0-1"]
[WhiteElo "1997"]
[BlackElo "1870"]

1.d4 Nf6 2.c4 g6 3.Nc3 Bg7 4.e4 d6 5.f3 c6 6.d5 Nbd7 7.Be3 Qc7 8.Qd2 O-O
9.Nge2 Re8 10.Nd4 Nf8 11.g4 e5 12.Nde2 Rd8 13.Ng3 Bd7 14.h4 Qa5 15.h5 cxd5
16.exd5 Rdc8 17.hxg6 fxg6 18.Bh6 a6 19.Bxg7 Kxg7 20.Qh6+ Kg8 21.Bd3 Be8 22.g5
N6d7 23.Ne4 Qc7 24.Kd2 b5 25.cxb5 Rab8 26.Rac1 Qb6 27.Rhf1 axb5 28.Nxb5 Qa5+
29.Nec3 Nc5 30.Nxd6 Rxb2+ 31.Ke3 Nxd3 32.Nxc8 Qc5+ 33.Kxd3 Qd4# 0-1

[Event "It (open)"]
[Site "masterchessopen.com – Bad Zwesten (Germany)"]
[Round "8"]
[White "Nazarenus Moritz (GER)"]
[Black "Overbeck Thorsten (GER)"]
[Result "1-0"]
[WhiteElo "2117"]
[BlackElo "2147"]

1.d4 Nf6 2.c4 g6 3.Nc3 Bg7 4.e4 d6 5.f3 c6 6.Be3 a6 7.c5 Nbd7 8.Nge2 b5 9.cxd6
exd6 10.a4 Bb7 11.Qd2 O-O 12.Nf4 Qe7 13.Be2 b4 14.Na2 c5 15.d5 Rfe8 16.O-O g5
17.Nh3 h6 18.Rfe1 Nxd5 19.Bf2 Nc7 20.Rad1 Be5 21.Nc1 Bc6 22.Qc2 Ne6 23.Bf1 Nd4
24.Bxd4 {#r} 1-0

[Event "Bundesliga 2001/02 (w)"]
[Site "masterchessopen.com – Germany"]
[Round "7"]
[White "Graf Rena (GER)"]
[Black "Winter Astrid (GER)"]
[Result "1-0"]
[WhiteElo "2314"]
[BlackElo "2036"]

1.d4 Nf6 2.c4 d6 3.Nc3 g6 4.e4 Bg7 5.f3 c6 6.Be3 Qc7 7.Qd2 h5 8.O-O-O Nbd7
9.Kb1 a6 10.Nge2 b5 11.Nc1 bxc4 12.Bxc4 Nb6 13.Bb3 d5 14.Bf4 Qb7 15.Rhe1 O-O
16.h3 a5 17.Na4 Nxa4 18.Bxa4 Bd7 19.e5 Ne8 20.Nb3 Bf5+ 21.Ka1 Nc7 22.g4 hxg4
23.hxg4 Be6 24.Bh6 f6 25.Nc5 Qc8 26.Bxc6 Rb8 27.exf6 Rxf6 28.Bxg7 Kxg7 29.Rh1
Bg8 30.Bd7 Qd8 31.Nd3 e6 32.Qh6+ {#r} 1-0

[Event "Tournament (weekend) (a)"]
[Site "masterchessopen.com – Torino (Italy)"]
[Round "3"]
[White "De Santis Alessio (ITA)"]
[Black "Nardelli Marco (ITA)"]
[Result "1-0"]
[WhiteElo "2267"]
[BlackElo "2191"]

1.d4 Nf6 2.c4 g6 3.Nc3 Bg7 4.e4 d6 5.f3 c6 6.Be3 e5 7.d5 Na6 8.Qd2 c5 9.Nge2
Nc7 10.a3 b5 11.Nxb5 Nxb5 12.cxb5 a6 13.Nc3 axb5 14.Bxb5+ Bd7 15.O-O Qa5
16.Bc6 Ra6 17.b4 cxb4 18.axb4 Qxa1 19.Rxa1 Rxa1+ 20.Kf2 O-O 21.b5 Rb8 22.Qb2
{#r} 1-0

[Event "It (open)"]
[Site "masterchessopen.com – Bad Zwesten (Germany)"]
[Round "7"]
[White "Deschner Reinhard (GER)"]
[Black "Dec Paul (GER)"]
[Result "1-0"]
[WhiteElo "2212"]
[BlackElo "2058"]

1.e4 d6 2.d4 Nf6 3.f3 g6 4.c4 Bg7 5.Nc3 c6 6.Be3 Qa5 7.Bd3 Nbd7 8.Ne2 O-O
9.Qd2 a6 10.O-O b5 11.a3 bxc4 12.Bxc4 d5 13.Nxd5 Qxd2 14.Nxe7+ Kh8 15.Bxd2
{#r} 1-0

[Event "It (open) \"]
[Site "masterchessopen.com – Belgrade (Yugoslavia)"]
[Round "5"]
[White "Jovanovic Ivan (SRB)"]
[Black "Kerecki Ljubisa (SRB)"]
[Result "1-0"]
[WhiteElo "1998"]
[BlackElo "2101"]

1.d4 Nf6 2.c4 g6 3.Nc3 Bg7 4.e4 d6 5.f3 c6 6.Be3 a6 7.a4 a5 8.Bd3 Na6 9.Rc1
Nb4 10.Bb1 Be6 11.b3 Rc8 12.Qd2 d5 13.e5 Nd7 14.c5 b6 15.cxb6 Qxb6 16.Nge2 Na6
17.Bd3 Nb4 18.Bb1 c5 19.O-O O-O 20.Nf4 Bh6 21.Nb5 cxd4 22.Nxd4 Nxe5 23.Ndxe6
{#r} 1-0

[Event "It (open)"]
[Site "masterchessopen.com – Bled (Slovenia)"]
[Round "2"]
[White "Begovac Franja (CRO)"]
[Black "Butala Marjan (SLO)"]
[Result "1-0"]
[WhiteElo "2380"]
[BlackElo "2109"]

1.d4 Nf6 2.c4 g6 3.Nc3 Bg7 4.e4 d6 5.f3 c6 6.Bg5 a6 7.Qd2 b5 8.Bd3 Qc7 9.Nge2
Bb7 10.O-O Nbd7 11.Rac1 b4 12.Nd1 c5 13.d5 h6 14.Be3 Ne5 15.f4 Nxd3 16.Qxd3 e6
17.Nf2 exd5 18.cxd5 Nd7 19.e5 dxe5 20.Ne4 Bf8 21.f5 g5 22.f6 Qb6 23.N2g3 O-O-O
24.Nf5 Kb8 25.Ne7 Bxe7 26.fxe7 Rc8 27.Rxf7 Rhe8 28.Rcf1 c4 29.Qd2 Qa5 30.Nd6
c3 31.bxc3 bxc3 32.Qc2 Bxd5 33.Nxe8 Bxf7 34.Nd6 {#r} 1-0

[Event "Ch Asturias"]
[Site "masterchessopen.com – Oviedo (Spain)"]
[Round "4"]
[White "Crespo Arce Miguel Angel (ESP)"]
[Black "Cobiella Rodriguez Jose (ESP)"]
[Result "0-1"]
[WhiteElo "1863"]
[BlackElo "1982"]

1.d4 Nf6 2.c4 g6 3.Nc3 Bg7 4.e4 d6 5.f3 c6 6.Be3 a6 7.a4 Nbd7 8.Nge2 Qa5 9.Ng3
O-O 10.Be2 h5 11.O-O Rd8 12.Qd2 e5 13.d5 Nc5 14.Bd1 Qb4 15.Qe2 h4 16.Na2 Qb6
17.b4 hxg3 18.hxg3 Nh5 19.Kf2 Nxe4+ 20.fxe4 Qc7 21.a5 Qe7 22.Qf3 cxd5 23.cxd5
Bd7 24.Rc1 Nf6 25.Rc7 Rac8 26.Bb6 Rxc7 27.Bxc7 Rc8 28.Bb6 Rc4 29.Nc3 Rxc3 {#R}
0-1

[Event "Memorial Milovan Prvulj (cat.4)"]
[Site "masterchessopen.com – Pancevo (Yugoslavia)"]
[Round "10"]
[White "Scekic Milos (SRB)"]
[Black "Vrbljanac Aleksandar (SRB)"]
[Result "1-0"]
[WhiteElo "2405"]
[BlackElo "2195"]

1.d4 Nf6 2.c4 g6 3.Nc3 Bg7 4.e4 d6 5.f3 c6 6.Be3 a6 7.c5 O-O 8.Nge2 b5 9.cxd6
exd6 10.Nf4 Nbd7 11.Rc1 Bb7 12.Be2 Qa5 13.O-O Rad8 14.b3 Rfe8 15.Qd2 Nf8
16.Nd3 Qc7 17.d5 c5 18.b4 c4 19.Ne1 Bc8 20.a4 Bd7 21.Nc2 Rb8 22.axb5 axb5
23.Nd4 h5 24.Ra1 Rb7 25.Ra6 N8h7 26.Rfa1 h4 27.R1a5 Qb8 28.Bf4 Nh5 29.Bxd6 Qd8
30.f4 Bh6 31.Bxh5 {#r} 1-0

[Event "It (open)"]
[Site "masterchessopen.com – Ploiesti (Romania)"]
[Round "6"]
[White "Mosnegutu Klaus (ROM)"]
[Black "Mosnegutu Mariana (ROM)"]
[Result "0-1"]
[WhiteElo "2117"]
[BlackElo "2287"]

1.d4 Nf6 2.c4 g6 3.Nc3 Bg7 4.e4 d6 5.f3 c6 6.Be3 Nbd7 7.Qd2 O-O 8.g4 Qa5
9.Nge2 h5 10.g5 Ne8 11.Nf4 e5 12.dxe5 dxe5 13.Nd3 Nd6 14.b4 Qc7 15.Nc5 Nb6
16.Na6 bxa6 17.c5 Nb5 18.cxb6 axb6 19.Nxb5 axb5 20.Rc1 Qb7 21.Qc3 Bd7 22.a3
Ra4 23.Rc2 Rfa8 24.Bc1 Rc8 25.Qb3 c5 26.Rb2 Rb8 27.bxc5 bxc5 28.Qxa4 bxa4
29.Rxb7 Rxb7 30.Bd3 Be6 31.Bc2 Bb3 32.Bb1 c4 {#R} 0-1

[Event "Ch Switzerland"]
[Site "masterchessopen.com – Silvaplana (Switzerland)"]
[Round "9"]
[White "De Gregorio Alexis (SUI)"]
[Black "Torricelli Arnold (SUI)"]
[Result "1-0"]
[WhiteElo "2014"]
[BlackElo "2002"]

1.d4 g6 2.c4 Bg7 3.Nc3 d6 4.e4 Nf6 5.f3 c6 6.Be3 a6 7.Qd2 b5 8.a4 b4 9.Na2 a5
10.Nc1 Qc7 11.Bh6 Bxh6 12.Qxh6 e5 13.Qg7 {#r} 1-0

[Event "Tournament \"]
[Site "masterchessopen.com – Dublin (Ireland)"]
[Date "2003.04.20"]
[Round "3"]
[White "Pinc Miroslav (CZE)"]
[Black "Daly Colm (FID)"]
[Result "0-1"]
[WhiteElo "2212"]
[BlackElo "2370"]

1.d4 Nf6 2.c4 g6 3.Nc3 d6 4.e4 Bg7 5.f3 c6 6.Be3 a6 7.e5 dxe5 8.dxe5 Nfd7 9.f4
b5 10.c5 a5 11.Nf3 O-O 12.Ng5 Na6 13.Nge4 f5 14.Bxb5 fxe4 15.Bxc6 Rb8 16.Nxe4
Qc7 17.Bd5+ Kh8 18.Ng5 Nxe5 19.O-O Bg4 20.Qd2 h6 21.Ne6 Bxe6 22.Bxe6 Rxb2
23.Qd1 Rd8 24.Bd4 Rxd4 {#R} 0-1

[Event "Memorial Y.Sakharov"]
[Site "masterchessopen.com – Kiev (Ukraine)"]
[Date "2003.07.16"]
[Round "10"]
[White "Taborov Boris (UKR)"]
[Black "Dolzhikova Kateryna (UKR)"]
[Result "1-0"]
[WhiteElo "2446"]
[BlackElo "2244"]

1.d4 Nf6 2.c4 g6 3.Nc3 Bg7 4.e4 d6 5.f3 c6 6.Be3 a6 7.c5 Qa5 8.cxd6 exd6 9.Bd3
O-O 10.Ne2 Be6 11.O-O b5 12.b3 Nbd7 13.Rc1 Nb6 14.d5 Nbxd5 15.exd5 Nxd5
16.Nxd5 Bxd5 17.Qd2 Qxd2 18.Bxd2 c5 19.Rfd1 Rac8 20.Bf4 Rfe8 21.Kf1 Be5
22.Bxe5 Rxe5 23.Bb1 c4 24.Nf4 Bb7 25.Rxd6 g5 26.Nh5 Re6 27.Rxe6 fxe6 28.bxc4
bxc4 29.Nf6+ {#r} 1-0

[Event "It (open) \"]
[Site "masterchessopen.com – Berlin (Germany)"]
[Date "2003.08.20"]
[Round "5"]
[White "Kujawa Werner (GER)"]
[Black "Steinert Christian (GER)"]
[Result "0-1"]
[WhiteElo "1871"]
[BlackElo "1937"]

1.d4 Nf6 2.c4 g6 3.Nc3 Bg7 4.e4 d6 5.f3 c6 6.Be3 Qc7 7.Qd2 O-O 8.Nge2 Nbd7
9.O-O-O b5 10.cxb5 cxb5 11.Kb1 b4 12.Na4 Qa5 13.b3 Nb6 14.Nb2 Bd7 15.Nd3 Nfd5
16.exd5 Nxd5 17.Bh6 Nc3+ 18.Nxc3 bxc3 19.Qg5 c2+ 20.Kxc2 Qxa2+ 21.Nb2 Rac8+
22.Bc4 Rxc4+ 23.bxc4 Rb8 24.Bxg7 Rxb2+ 25.Kd3 Kxg7 26.Qc1 Bf5+ 27.Ke3 Re2+
28.Kf4 e5+ 29.dxe5 dxe5+ {#R} 0-1

[Event "It (open)"]
[Site "masterchessopen.com – Marianske Lazne (Czech Republic)"]
[Date "2004.01.26"]
[Round "3"]
[White "Utyupin Vladimir (RUS)"]
[Black "Woynowski Manfred (GER)"]
[Result "1-0"]
[WhiteElo "2134"]
[BlackElo "2083"]

1.d4 Nf6 2.c4 g6 3.Nc3 Bg7 4.e4 d6 5.f3 c6 6.Be3 a6 7.Qd2 h6 8.a4 Bd7 9.a5 b5
10.axb6 Qxb6 11.Bd3 g5 12.Nge2 c5 13.d5 a5 14.O-O Na6 15.Na4 Bxa4 16.Rxa4 Nd7
17.Nc3 Nb4 18.Be2 Bd4 19.Nb5 O-O 20.Nxd4 cxd4 21.Bxd4 Nc5 22.Ra3 Rfb8 23.Qc3
Qc7 24.e5 a4 25.Kh1 Nb3 26.exd6 exd6 27.Bf6 Qd7 28.f4 g4 29.h3 h5 30.f5 Re8
31.Bd1 Rab8 32.Qg3 Nd2 {#r} 1-0

[Event "Ch Russia (juniors) (under 12)"]
[Site "masterchessopen.com – Dagomys (Russia)"]
[Round "0"]
[White "Fedotov Ivan (RUS)"]
[Black "Shvydkin Pavel (RUS)"]
[Result "0-1"]
[WhiteElo "2043"]
[BlackElo "2081"]

1.d4 Nf6 2.c4 g6 3.Nc3 Bg7 4.e4 d6 5.f3 c6 6.Be3 a6 7.Qd2 b5 8.cxb5 axb5 9.Bd3
O-O 10.Nge2 Ba6 11.Nd1 Nfd7 12.Nf2 c5 13.Bh6 Nc6 14.Bxg7 Kxg7 15.d5 Nce5 16.f4
Nxd3+ 17.Nxd3 b4 18.O-O Nb6 19.b3 f5 20.exf5 Rxf5 21.Ng3 Rxd5 22.Rf3 Rxd3
23.Rxd3 Bxd3 24.Qxd3 e6 25.Re1 Qd7 26.Ne4 Nd5 27.Ng5 Nxf4 28.Qf3 Rf8 29.Qg4
Rf5 30.Re4 {#R} 0-1

[Event "It (open)"]
[Site "masterchessopen.com – Athens (Greece)"]
[Date "2004.11.16"]
[Round "1"]
[White "Svetushkin Dmitry (MDA)"]
[Black "Siamidis Dimitrios (GRE)"]
[Result "1-0"]
[WhiteElo "2568"]
[BlackElo "2211"]

1.d4 Nf6 2.c4 g6 3.Nc3 Bg7 4.e4 d6 5.f3 c6 6.Nge2 a6 7.Be3 Nbd7 8.c5 O-O 9.Qd2
dxc5 10.dxc5 Ne5 11.Nd4 Ne8 12.Be2 Nc7 13.O-O Ne6 14.Nb3 Qxd2 15.Bxd2 Rd8
16.Be3 Nd3 17.Rfd1 Nxb2 18.Rxd8+ Nxd8 19.Bd4 e5 20.Be3 Be6 21.Na5 Bf8 22.Rb1
b6 23.cxb6 Bb4 24.Na4 Bxa5 25.Rxb2 Nb7 26.Nc5 Nxc5 27.Bxc5 Bc3 28.b7 Rb8
29.Bd6 Bxb2 30.Bxb8 Bd4+ 31.Kf1 Bxa2 32.Bxa6 {#r} 1-0